000 00982nam a22002777a 4500
001 BR9602970
003 BR-BrBNA
005 20230928095017.0
007 ta
008 230509b bl.||||| |||| 00| 0 por d
040 _aBR-BrBNA
_bpor
_cBiblioteca Nacional de Agricultura
041 _a(Por)
072 _aF30; F02
_b3240
090 _ 3240 BR9602970
100 1 _aRotundo, J.C.
110 1 _aEscola Superior de Agricultura Luiz de Queiroz, Piracicaba, SP (Brasil)
_0Tese (Mestre em Ciencias)
245 1 _aEfeitos de concentracoes de nitrato de amonia na multiplicacao e no enraizamento "in vitro" de clones Eucalyptus cloeziana F. Muell e Eucalyptus citriodora hook
260 3 _aPiracicaba, SP (Brasil):
_c1993.
300 _a74 p.
500 _a40 illus.; 19 tables; Summaries (Eng, Por); Bibliography p. 46 54
650 _aEucalipto
650 _aMelhoramento Genetico Vegetal
650 _aEnraizamento
909 _a202309
_bLucia
_c55
_dLucia Elande
942 _cBK
999 _c53978
_d53978